[Event "Tokyo City-ch"]
[Site "Tokyo"]
[Date "2019.03.23"]
[Round "2"]
[White "Asaka, Samuel"]
[Black "Matsuyama, Koya"]
[Result "1/2-1/2"]
[WhiteElo "2164"]
[BlackElo "1785"]
[PlyCount "88"]
[EventDate "2019.03.23"]
[EventType "swiss"]
[EventRounds "6"]
[EventCountry "JPN"]
[SourceTitle "CBM 190 Extra"]
[Source "ChessBase"]
[SourceDate "2019.07.15"]
[SourceVersion "1"]
[SourceVersionDate "2019.07.15"]
[SourceQuality "1"]

1. d4 d5 2. c4 c6 3. cxd5 cxd5 4. Bf4 Nf6 5. Nc3 e6 6. e3 Bd6 7. Bxd6 Qxd6 8. f4 0-0 9. Bd3 Nc6 10. Nf3 b6 11. 0-0 Bb7 12. Rc1 Nb4 13. Bb1 Ba6 14. Re1 Rac8 15. Ne5 Nd7 16. Qa4 Nxe5 17. fxe5 Qe7 18. a3 Nd3 19. Qxa6 Nxc1 20. Rxc1 Rc7 21. Qd3 Qh4 22. Rf1 f6 23. g3 Qh6 24. Rf4 g5 25. Rxf6 Rxf6 26. exf6 Qxf6 27. Qf1 Qh6 28. Nd1 Qh5 29. Nf2 Qf3 30. Qe1 h5 31. Nd3 h4 32. Ne5 Qf6 33. Bd3 hxg3 34. Qxg3 Rc1+ 35. Kg2 Rd1 36. h4 Rd2+ 37. Kh3 Rxd3 38. Nxd3 Qf5+ 39. Qg4 Qf1+ 40. Kg3 Qg1+ 41. Kf3 Qd1+ 42. Kg3 Qg1+ 43. Kh3 Qh1+ 44. Kg3 Qg1+ 1/2-1/2

[Event "Tokyo op"]
[Site "Tokyo"]
[Date "2018.10.07"]
[Round "3"]
[White "Matsuyama, Koya"]
[Black "Voronin, Andrey"]
[Result "1/2-1/2"]
[WhiteElo "1624"]
[BlackElo "1871"]
[PlyCount "88"]
[EventDate "2018.10.06"]
[EventType "swiss"]
[EventRounds "6"]
[EventCountry "JPN"]
[SourceTitle "CBM 187 Extra"]
[Source "ChessBase"]
[SourceDate "2018.11.04"]
[SourceVersion "1"]
[SourceVersionDate "2018.11.04"]
[SourceQuality "1"]

1. e4 e5 2. Nf3 Nf6 3. Nxe5 d6 4. Nf3 Nxe4 5. d4 d5 6. Bd3 Be7 7. 0-0 Nc6 8. Re1 Bg4 9. Bxe4 dxe4 10. Rxe4 Bxf3 11. Qxf3 Nxd4 12. Qd3 c5 13. Be3 f5 14. Re5 g6 15. Bxd4 Qxd4 16. Qe2 0-0-0 17. Nc3 Bd6 18. Re6 Qb4 19. Nb5 Qxb2 20. Re1 Bb8 21. Re7 Qxa2 22. Rg7 Qd5 23. c4 Qe4 24. Qf1 Qd3 25. Ree7 Qxf1+ 26. Kxf1 Rhe8 27. Nxa7+ Bxa7 28. Rc7+ Kb8 29. Rxb7+ Ka8 30. Rxa7+ Kb8 31. g3 Rd1+ 32. Kg2 Rb1 33. Rxh7 Rb2 34. Rag7 Rb4 35. Rxg6 Rxc4 36. Rb6+ Ka8 37. Rc7 Rc2 38. Rf6 Kb8 39. Rg7 c4 40. Rxf5 c3 41. Rb5+ Ka8 42. Rc5 Rf8 43. Ra5+ Kb8 44. Rb5+ Ka8 1/2-1/2

[Event "Eastern Asia-ch U16 3rd"]
[Site "Shanghai"]
[Date "2018.08.03"]
[Round "2"]
[White "Buana, Daru Okta"]
[Black "Matsuyama, Koya"]
[Result "1/2-1/2"]
[WhiteElo "2020"]
[BlackElo "1778"]
[PlyCount "42"]
[EventDate "2018.08.02"]
[EventType "swiss"]
[EventRounds "9"]
[EventCountry "CHN"]
[SourceTitle "EXT 2019"]
[Source "ChessBase"]
[SourceDate "2018.10.10"]
[SourceVersion "1"]
[SourceVersionDate "2018.10.10"]
[SourceQuality "1"]

1. Nf3 d5 2. c4 e6 3. g3 Nf6 4. Bg2 dxc4 5. Qa4+ Nbd7 6. Qxc4 a6 7. Qc2 Rb8 8. 0-0 c5 9. d4 b5 10. a4 Bb7 11. axb5 axb5 12. dxc5 Bxc5 13. Ne1 0-0 14. Nd3 Bxg2 15. Kxg2 Qb6 16. Nxc5 Nxc5 17. Be3 Rbc8 18. Nd2 Qb7+ 19. Nf3 Nce4 20. Qb3 Ng4 21. Rfd1 Nc5 1/2-1/2